Bandiere con gravità #1 - Statistics

Statistiche generali
  • Questo quiz è stato fatto 1.888 volte
  • Il punteggio medio è 13 su 16
Statistiche sulle risposte
con Immagini Risposta % Corretto
Brasile
100%
Cina
98%
Israele
96%
Nuova Zelanda
94%
Arabia Saudita
93%
Kazakistan
91%
Algeria
84%
Laos
79%
Papua Nuova Guinea
76%
Maldive
74%
Zambia
74%
Mauritania
71%
Micronesia
69%
Samoa
63%
Timor Est
63%
Saint Vincent e Grenadines
61%
Nessun quiz corrispondente trovato
Distribuzione punteggi
Percentuale di utenti per punteggio
Percentile per numero di risposta
I tuoi punteggi nel tempo
Non hai fatto questo quiz